000 00344nam a22001457a 4500
003 OSt
005 20211224085938.0
008 211224b |||||||| |||| 00| 0 eng d
020 _a0131833111
040 _cHU
082 _27th
_a004.6 STA/2004
100 _aStallings
_924267
245 _aData & Computer Communication
942 _2ddc
_cBOOKS
_n0
999 _c23867
_d23867